000 00340nam a2200133Ia 4500
005 20260328104335.0
008 260328s9999||||xx |||||||||||||| ||und||
100 _aBravo, Edgar
245 0 _aIdeas de Hábitat :
_b Arquitectura en Perú 2010-2021 /
_cEdgar Bravo
260 _bArkinka
300 _a372 p.
650 _aPERÚ
942 _cBK
999 _c11850
_d11850